000 00731nam a2200217 a 4500
001 BRCA_9131
005 20190320210529.0
008 061017s1801----sp-#######---#000-0#lat-#
041 _alat
044 _asp
084 _aBE70
_b.D48 1801
100 1 _aDevoti, Joannis
_922510
245 1 0 _aJoannis Devoti, dei et apostolice sedis gratia episcopi ananiensis, institutionum canonicarum.
_bLibri IV: tomus primur.
260 _aMatriti
_bExcudebat Raymundus Ruiz
_c1801
300 _a352 p. (t.1, libro 4)
_c21 x 15.5 cm
500 _aEstado físico: presenta encuadernación en pergamino con
500 _aSuperiorum Facultate
650 1 4 _aDerecho canónico
_yObras anteriores a 1900
_922163
902 _aCFM
942 _2lcc
_cB
999 _c8779
_d8779